| 000 | 00434nam a22001697a 4500 | ||
|---|---|---|---|
| 003 | OSt | ||
| 008 | 230418b |||||||| |||| 00| 0 eng d | ||
| 020 | _a9789332549555 | ||
| 082 | _a519.535 JOA | ||
| 100 | _aJOHNSON,Richard A | ||
| 245 | _aApplied Multivariate Statistical Analysis | ||
| 250 | _a6th Ed | ||
| 260 |
_aUP _bPearson _c2023 |
||
| 300 | _a770 | ||
| 650 | _aApplied Multivariate Statistical Analysis | ||
| 942 |
_2ddc _cREF |
||
| 999 |
_c11972 _d11972 |
||